000 00642nam a2200217 i 4500
001 142637
003 ES-MaACL
005 20260529181512.0
007 t|
008 071009s1959 sp ||||1| spa d
100 0 _aVialar, Paul,
_d1898-1996
_9114268
245 1 3 _aEl chico del ascensor
_b: novela /
_cPaul Vialar ; [traducción del francés por María Dolores Soler].
250 _a[1ª ed.].
260 _aBarcelona :
_bPlaneta,
_c[1959]
300 _a224 p. ;
_c19 cm.
490 1 _aGoliat
700 1 _aSoler, María Dolores.
_9107155
830 0 _aGoliat
_9181396
852 _aES-MaACL
_jC-16025
_bR.43893
999 _c142637
_d142637